• 首页
  • 本馆介绍
  • 公告通知
  • 最新文献
  • 馆藏检索
  • 电子资源
  • 读者导购
  • 参考咨询
  • 我的图书馆
  • 登录
  • 详细信息显示
  • 放入我的书架
  • 预约/预借图书
  • 作者相关作品
  • 分类相关作品
  • 丛书相关作品
  • 出版社相关作品

书目信息

  • 表格格式
  • 工作单格式
  • 卡片格式
题名:
合唱指挥技巧与艺术思维探究
    
 
作者: 李强 著
分册:  
出版信息: 北京   新华出版社  2021.3
页数: 222页
开本: 23cm
丛书名:
单 册:
中图分类: J615.1
科图分类:
主题词: 合唱--指挥法--研究
电子资源:
ISBN: 978-7-5166-5299-2
000 00776nam0 2200241 45
001 012001000591
005 20130909101504.0
010    @a978-7-5166-5299-2@dCNY68.00
100    @a20210129d2021 em y0chiy0110 ea
101 0  @achi
102    @aCN@b110000
105    @aag az 000yy
106    @ar
200 1  @a合唱指挥技巧与艺术思维探究@Ahe chang zhi hui ji qiao yu yi shu si wei tan jiu@f李强著
210    @a北京@c新华出版社@d2021.3
215    @a222页@c图,乐谱@d23cm
320    @a有书目 (第220-222页)
330    @a本书内容包括:合唱艺术基础理论,指挥艺术基础理论,合唱指挥的排练与演出,合唱作品的艺术性研究等。
606 0  @a合唱@x指挥法@x研究
690    @aJ615.1@v5
701  0 @a李强@Ali qiang@4著
801    @aCN@b江苏凤凰@c20211018
905    @b1340252-5@dJ615.1@e1250@f4
    
    合唱指挥技巧与艺术思维探究/李强著.-北京:新华出版社,2021.3
    222页:图,乐谱;23cm
    
    
    ISBN 978-7-5166-5299-2:CNY68.00
    本书内容包括:合唱艺术基础理论,指挥艺术基础理论,合唱指挥的排练与演出,合唱作品的艺术性研究等。
●
相关链接 在E读中查询图书 在五车中查询图书 在当当中查询图书 在豆瓣中查询图书


正题名:合唱指挥技巧与艺术思维探究     索取号:J615.1/1250         预约/预借

序号 登录号 条形码 馆藏地/架位号 状态 备注
1 1340252   213402520   第一样本阅览室/ [索取号:J615.1/1250] 在馆    
2 1340253   213402539   第一借阅区/ [索取号:J615.1/1250] 在馆    
3 1340254   213402548   第一借阅区/ [索取号:J615.1/1250] 在馆    
4 1340255   213402557   第一借阅区/ [索取号:J615.1/1250] 在馆    
唐山师范学院图书馆 欢迎您!
大连网信软件有限公司© 版权所有